Vista normal
Vista MARC
Entrada Materia (personas)
Número de registros utilizados en: 1
001 - CONTROL NUMBER
- control field: 63609
003 - CONTROL NUMBER IDENTIFIER
- control field: Co-BoUCM
005 - DATE AND TIME OF LATEST TRANSACTION
- control field: 20140806092738.0
008 - FIXED-LENGTH DATA ELEMENTS
- fixed length control field: 140806|| aca||aabn | a|a d
040 ## - CATALOGING SOURCE
- Original cataloging agency: Co-BoUCM
- Transcribing agency: Co-BoUCM
100 ## - HEADING--PERSONAL NAME
- Personal name: Tissot.
- Relator term: prólogo
670 ## - SOURCE DATA FOUND
- Source citation: Work cat.: (Co-BoUCM)71949: Vogel, Rudolph Augustin 1724-1774 63607, Academicae praelectiones de cognoscendis et curandis praecipuis corporis humani affectibus., 1789